La educación especial en la escuela integrada: una perspectiva desde la diversidad
Saved in:
| Hovedforfatter: | |
|---|---|
| Format: | Bog |
| Sprog: | spansk |
| Udgivet: |
Barcelona
Graó
1998
|
| Serier: | Educación Especial, 124
|
| Fag: | |
| Tags: |
Tilføj Tag
Ingen Tags, Vær først til at tagge denne postø!
|
MARC
| LEADER | 00000nam a2200000 a 4500 | ||
|---|---|---|---|
| 001 | UCQ1045 | ||
| 003 | CL-VaPUC | ||
| 008 | 980703e19980000SP |||||||||||||||||spa|d | ||
| 020 | |a 8478271821 | ||
| 082 | 0 | 4 | |a 371.9 |b PUI |2 21 |
| 100 | 0 | |a Puigdellívol Aguadé, Ignasi |e author |9 414552 | |
| 245 | 1 | 3 | |a La educación especial en la escuela integrada: una perspectiva desde la diversidad |
| 300 | |a 404 p | ||
| 942 | |c BK | ||
| 945 | |d 19980703 00:00:00 |a mvenant | ||
| 260 | |a Barcelona |b Graó |c 1998 | ||
| 650 | 0 | |a Educación especial |9 307486 | |
| 650 | 0 | |a Integración escolar |9 312238 | |
| 650 | 0 | |a Planificación de la educación |9 307333 | |
| 583 | |a last modification |c 19980703 00:00:00 |k Rodrigo Vera | ||
| 490 | 0 | |a Educación Especial, 124 | |
| 999 | |c 272053 |d 272051 | ||
| 952 | |0 0 |1 0 |4 0 |6 371_900000000000000_PUI_1998 |7 0 |8 A |9 306890 |a BIBEDU |b BIBEDU |c ES_NOD |d 2019-11-20 |i 3440265 |o 371.9 PUI 1998 |p 3440265 |r 2023-08-09 |w 2019-11-20 |y BK |k BME | ||
| 952 | |0 0 |1 0 |4 0 |6 371_900000000000000_PUI_1998 |7 0 |8 A |9 306891 |a BIBEDU |b BIBEDU |c ES_NOD |d 2019-11-20 |i 3472930 |o 371.9 PUI 1998 |p 3472930 |r 2023-08-09 |w 2019-11-20 |y BK |k EPE | ||
| 952 | |0 0 |1 0 |4 0 |6 371_900000000000000_PUI_1998 |7 0 |8 A |9 306892 |a BIBEDU |b BIBEDU |c ES_NOD |d 2019-11-20 |i 3445720 |l 1 |o 371.9 PUI 1998 |p 3445720 |r 2023-11-03 |s 2023-11-03 |w 2019-11-20 |y BK |k EPE | ||